2012 TV Shows by Cast Photo Quiz Stats

 Plays Quiz Updated Apr 28, 2015

Challenge
Share
Tweet
Score 0/15 Timer 05:00
0 Plays Today
% Correct
Duck Dynasty
83.9%
Nashville
81%
Arrow
78.3%
Veep
73.2%
The Mindy Project
71.8%
Scandal
70.9%
Dallas
66.2%
Chicago Fire
65.4%
% Correct
Elementary
64.5%
Girls
63.9%
The Newsroom
41.9%
Alcatraz
35.3%
House of Lies
27.2%
Betty White's Off Their Rockers
26.1%
Revolution
22.3%

You're not logged in!

Compare scores with friends on all Sporcle quizzes.
OR
Log In

You Might Also Like...

Show Comments

Extras

Top Quizzes Today


Score Distribution

Your Account Isn't Verified!

In order to create a playlist on Sporcle, you need to verify the email address you used during registration. Go to your Sporcle Settings to finish the process.

Report this User

Report this user for behavior that violates our Community Guidelines.

Details: